<?xml version="1.0" encoding="UTF-8"?><?xml-stylesheet type="text/xsl" href="static/style.xsl"?><OAI-PMH xmlns="http://www.openarchives.org/OAI/2.0/" xmlns:xsi="http://www.w3.org/2001/XMLSchema-instance" xsi:schemaLocation="http://www.openarchives.org/OAI/2.0/ http://www.openarchives.org/OAI/2.0/OAI-PMH.xsd"><responseDate>2026-04-17T13:53:43Z</responseDate><request verb="GetRecord" identifier="oai:riubu.ubu.es:10259/11004" metadataPrefix="marc">https://riubu.ubu.es/oai/request</request><GetRecord><record><header><identifier>oai:riubu.ubu.es:10259/11004</identifier><datestamp>2025-10-29T01:05:33Z</datestamp><setSpec>com_10259_4839</setSpec><setSpec>com_10259_5086</setSpec><setSpec>com_10259_2604</setSpec><setSpec>col_10259_4840</setSpec></header><metadata><record xmlns="http://www.loc.gov/MARC21/slim" xmlns:doc="http://www.lyncode.com/xoai" xmlns:xsi="http://www.w3.org/2001/XMLSchema-instance" xmlns:dcterms="http://purl.org/dc/terms/" xsi:schemaLocation="http://www.loc.gov/MARC21/slim http://www.loc.gov/standards/marcxml/schema/MARC21slim.xsd">
<leader>00925njm 22002777a 4500</leader>
<datafield tag="042" ind1=" " ind2=" ">
<subfield code="a">dc</subfield>
</datafield>
<datafield tag="720" ind1=" " ind2=" ">
<subfield code="a">Segura Zariquiegui, Ainhoa</subfield>
<subfield code="e">author</subfield>
</datafield>
<datafield tag="260" ind1=" " ind2=" ">
<subfield code="c">2023-05</subfield>
</datafield>
<datafield tag="520" ind1=" " ind2=" ">
<subfield code="a">César Vallejo es el gran poeta peruano universal. En cada lectura brinda la oportunidad de seguir disfrutando de un lenguaje personal cargado de una fuerza expresiva inaudita. Este artículo pretende analizar el proceso que, como una crisálida, tuvo lugar en Vallejo. Alejándose poco a poco de los modelos modernistas fue encontrando su propio ser poético. Para describir el fenómeno se ha tomado el poema “Idilio muerto” de Los heraldos negros (1919) y se ha realizado una comparación con “Trilce VI” del poemario Trilce (1922). El tópico de la amada es el lugar desde donde se enclava la analogía. Gracias a este análisis en torno a esta temática se puede observar el desarrollo poético del gran poeta peruano. Asimismo, se rememoran algunas cuestiones relacionadas con el lenguaje vallejiano de Trilce y su hermosa complejidad que siguen extasiando a los críticos tras cumplir cien años de su publicación.</subfield>
</datafield>
<datafield tag="520" ind1=" " ind2=" ">
<subfield code="a">César Vallejo is the great Peruvian poet. In each reading it gives us the opportunity to&#xd;
continue enjoying a personal language loaded with an unprecedented expressive forcé. This article aims to analyze the process that, like a chrysalis, took place in Vallejo. Slowly moving&#xd;
away from modernist models, he found his own poetic essence. To describe the process, the&#xd;
poem «Dead Idil» from Los heraldos negros has been taken and a comparison has been made&#xd;
with «Trilce VI» from the Trilce collection of poems. The topic of the beloved woman is the&#xd;
place from where the analogy is nailed. Thanks to this análisis around the beloved woman&#xd;
one can observe the poetic development of the great Peruvian poet. Likewise, some issues&#xd;
related to Trilce’s Vallejo language and its beautiful complexity are recalled, which continue&#xd;
to amaze critics one hundred years after its publication.</subfield>
</datafield>
<datafield tag="024" ind2=" " ind1="8">
<subfield code="a">1989-9831</subfield>
</datafield>
<datafield tag="024" ind2=" " ind1="8">
<subfield code="a">https://hdl.handle.net/10259/11004</subfield>
</datafield>
<datafield tag="024" ind2=" " ind1="8">
<subfield code="a">10.14198/AMESN.22969</subfield>
</datafield>
<datafield tag="024" ind2=" " ind1="8">
<subfield code="a">1989-9831</subfield>
</datafield>
<datafield ind1=" " ind2=" " tag="653">
<subfield code="a">Poesía</subfield>
</datafield>
<datafield ind1=" " ind2=" " tag="653">
<subfield code="a">Hispanoamérica</subfield>
</datafield>
<datafield ind1=" " ind2=" " tag="653">
<subfield code="a">Perú</subfield>
</datafield>
<datafield ind1=" " ind2=" " tag="653">
<subfield code="a">Vallejo</subfield>
</datafield>
<datafield ind1=" " ind2=" " tag="653">
<subfield code="a">Idilio muerto</subfield>
</datafield>
<datafield ind1=" " ind2=" " tag="653">
<subfield code="a">Trilce</subfield>
</datafield>
<datafield ind1=" " ind2=" " tag="653">
<subfield code="a">Poetry</subfield>
</datafield>
<datafield ind1=" " ind2=" " tag="653">
<subfield code="a">Hispanic America</subfield>
</datafield>
<datafield ind1=" " ind2=" " tag="653">
<subfield code="a">Dead idyll</subfield>
</datafield>
<datafield tag="245" ind1="0" ind2="0">
<subfield code="a">Del poema “Idilio muerto” a “Trilce VI”: el proceso de formación del lenguaje vallejiano</subfield>
</datafield>
</record></metadata></record></GetRecord></OAI-PMH>